000 00368nam a2200145Ia 4500
008 231217s9999 xx 000 0 und d
041 _aEnglish
082 _a671.52 KHA;6
100 _aKhanna, O P.
245 2 _aA text book of welding technology
260 _c1996
_bNew Delhi : Dhanpat Rai,
300 _axvi+949
650 _aWelding technology
942 _cAA
999 _c166119
_d166119